Integrando las áreas protegidas al ordenamiento territorial: (Registro nro. 20497)

Detalles MARC
000 -CABECERA
Campo de control 00927nam a22002537a 4500
005 - FECHA Y HORA DE LA ULTIMA TRANSACCION
Campo de control 20191016063413.0
008 - ELEMENTOS DE LONGITUD FIJA—INFORMACION GENERAL
Campo de control 191016b xxu||||| |||| 00| 0 spa d
020 ## - ISBN
ISBN 9782831719498
040 ## - FUENTE DE CATALOGACIÓN
Agencia catalogadora original CO-BoIAVH
Agencia transcriptora CO-BoIAVH
041 ## - IDIOMA
Código de idioma para texto/pista de sonido o título separado Español
044 ## - PAÍS DE PUBLICACIÓN
País de publicación Colombia
082 ## - NUMERO DE CLASIFICACION DECIMAL DEWEY
Número de clasificación 333.72014
Número del ítem P21i
100 ## - ASIENTO PRINCIPAL--NOMBRE PERSONAL
9 (RLIN) 101700
Nombre personal Paredes Leguizamón, Gisela
245 1# - MENCION DE TITULO
Título Integrando las áreas protegidas al ordenamiento territorial:
Parte restante del título Caso colombia
260 ## - PUBLICACION, DISTRIBUCION, ETC. (PIE DE IMPRENTA)
Lugar de publicación, distribución, etc. Bogotá:
Nombre del editor, distribuidor, etc. Oficina Regional para America del Sur(UICN), Parques Nacionales de Colombia(PNNC),
Fecha de publicación, distribución, etc. 2018.
300 ## - DESCRIPCION FISICA
Extensión 142 Páginas:
Otros detalles físicos fotografías, tablas y mapas,
Dimensiones 29 x 21 cm.
500 ## - NOTA GENERAL
Nota general Incluye anexos.
650 #0 - ASIENTO SECUNDARIO DE MATERIA - TERMINO TEMATICO
9 (RLIN) 30388
Término temático o nombre geográfico como elemento de entrada Áreas naturales protegidas
650 #0 - ASIENTO SECUNDARIO DE MATERIA - TERMINO TEMATICO
9 (RLIN) 50252
Término temático o nombre geográfico como elemento de entrada Ordenamiento ambiental territorial
650 #0 - ASIENTO SECUNDARIO DE MATERIA - TERMINO TEMATICO
9 (RLIN) 14548
Término temático o nombre geográfico como elemento de entrada Autoridades ambientales
650 #0 - ASIENTO SECUNDARIO DE MATERIA - TERMINO TEMATICO
9 (RLIN) 28683
Término temático o nombre geográfico como elemento de entrada Servicios Ecosistémicos
856 ## - LOCALIZACION Y ACCESO ELECTRONICOS
Identificador Uniforme del Recurso www.incn.org/resources/publications
942 ## - ELEMENTOS ADICIONALES (KOHA)
Sistema de clasificación Dewey Decimal Classification
Tipo de ítem Libro
Existencias
Withdrawn status Lost status Sistema de Clasificación Damaged status No para préstamo Colección Ubicación Permanente Ubicación actual Fecha de adquisición Total Checkouts Número topográfico Inventario / Código de Barras Date last seen Ejemplar Price effective from Forma de adquisición Tipo de material
    Dewey Decimal Classification     General Bogotá Bogotá 16/10/2019   LB-333.72014 P21i 043600 16/10/2019 Ej.1 16/10/2019 Canje Libro